000 00852 a2200265 4500
999 _c200128618
_d32566
001 200128618
003 TR-AnTOB
005 20200421143114.0
008 130403s1994 tu 000 0
040 _aTR-AnTOB
_cTR-AnTOB
041 _atur
050 0 0 _aS315
_b.Z57 1994
090 _aS315 .Z57 1994
245 0 0 _aZirai ve iktisadi rapor 1992-1993 /
_cTürkiye Ziraat Odaları Birliği,.
264 1 _aAnkara :
_bTürkiye Ziraat Odaları Birliği,
_c1994.
300 _a229 p. :
_bgrf., tbl. ;
_c23 cm.
336 _2rdacontent
_atext
_btxt
337 _2rdamedia
_aunmediated
_bn
338 _2rdacarrier
_avolume
_bnc
490 0 _aTürkiye Ziraat Odaları Birliği ;
_v174
650 1 0 _aAgriculture
_xEconomic aspects
_zTurkey
_919540
650 1 4 _aTarım
_xEkonomik yönleri
_zTürkiye
_919538
942 _cBK
_2lcc